Από την κοινωνική κρίση στο πολιτισμικό τραύμα : η κατασκευή του νοήματος στη "Μνημονιακή" Ελλάδα : το παράδειγμα των οφειλών της Γερμανίας προς την Ελλάδα : μεταπτυχιακή εργασία

Σκοπός της διπλωματικής εργασίας ήταν η παρακολούθηση της πορείας του ιστορικού παραδείγματος των γερμανικών αποζημιώσεων από ζήτημα τεχνικοοικονομικό σε πολιτισμικό τραύμα για την ελληνική κοινωνία στη σύγχρονη εποχή του Μνημονίου. Μετά το 2009, ο ανταγωνισμός μεταξύ των πολιτικών ομάδων δημιούργησ...

Πλήρης περιγραφή

Αποθηκεύτηκε σε:
Λεπτομέρειες βιβλιογραφικής εγγραφής
Κύριος συγγραφέας: Βγενά, Αικατερίνη
Συγγραφή απο Οργανισμό/Αρχή: Πανεπιστήμιο Αιγαίου. Σχολή Κοινωνικών Επιστημών. Τμήμα Κοινωνιολογίας. Μεταπτυχιακό Πρόγραμμα Σπουδών Ευρωπαϊκές Κοινωνίες και Ευρωπαϊκή Ολοκλήρωση
Μορφή: Thesis Βιβλίο
Γλώσσα:Greek
Δημοσίευση: 2016.
Θέματα:
Διαθέσιμο Online:http://hdl.handle.net/11610/18788
Ετικέτες: Προσθήκη ετικέτας
Δεν υπάρχουν, Καταχωρήστε ετικέτα πρώτοι!

MARC

LEADER 00000cam a2200000 a 4500
001 1/114892
008 170912s2016####gr | ||| |||| ||gre||
040 |a GR-MyUa  |b gre  |c GR-MyUa  |e AACR2 
041 0 |a gre 
082 7 |a 301.01  |2 (23) 
100 1 |a Βγενά, Αικατερίνη. 
245 1 0 |a Από την κοινωνική κρίση στο πολιτισμικό τραύμα :   |b η κατασκευή του νοήματος στη "Μνημονιακή" Ελλάδα : το παράδειγμα των οφειλών της Γερμανίας προς την Ελλάδα : μεταπτυχιακή εργασία /   |c Αικατερίνη Βγενά ; επιβλέπων καθηγητής: Μανούσος Μαραγκουδάκης.  
260 |c 2016.  
300 |a 160 σ. :   |b διαγρ., πιν. ;   |c 30 εκ.  
502 |a Διατριβή (μεταπτυχιακή) - Πανεπιστήμιο Αιγαίου, Λέσβος, 2016.  
504 |a Περιλαμβάνει βιβλιογραφία και παραρτήματα.  
520 8 |a Σκοπός της διπλωματικής εργασίας ήταν η παρακολούθηση της πορείας του ιστορικού παραδείγματος των γερμανικών αποζημιώσεων από ζήτημα τεχνικοοικονομικό σε πολιτισμικό τραύμα για την ελληνική κοινωνία στη σύγχρονη εποχή του Μνημονίου. Μετά το 2009, ο ανταγωνισμός μεταξύ των πολιτικών ομάδων δημιούργησε τις προϋποθέσεις για κατασκευή του νοήματος γύρω από το ζήτημα των γερμανικών οφειλών με νέες προεκτάσεις. Σταδιακά, το επιχείρημα εντάχθηκε στις πρώτες γραμμές του αντιμνημονιακού λόγου και αναμεταδόθηκε σε μεγάλο βαθμό από τον τύπο. Το θεωρητικό υπόβαθρο για το πολιτισμικό τραύμα μας παρέχεται από τους μελετητές Jeffrey Alexander και Νικόλαο Δεμερτζή ενώ το ζήτημα του λαϊκισμού και της περίπτωσης των Αγανακτισμένων από τον Ανδρέα Πανταζόπουλο. Τα δεδομένα της εργασίας προέρχονται από δημοσιεύματα της ηλεκτρονικής έκδοσης της εφημερίδας της ΑΥΓΗΣ και από δυο συνεντεύξεις, με τον Μανώλη Γλέζο και τον Αριστομένη Συγγελάκη. Ως κατάλληλο εργαλείο για τη συλλογή δεδομένων κρίθηκε η ημιδομημένη συνέντευξη. Η ανάλυση των δεδομένων από τα ηλεκτρονικά δημοσιεύματα έγινε με τη βοήθεια των υπολογιστικών φύλλων του προγράμματος Microsoft Excel ενώ η ανάλυση των συνεντεύξεων με τη βοήθεια του λογισμικού πακέτου Nvivo της QSR International 
650 0 |a Sociology  |x Methodology. 
650 0 |a Interviews. 
651 0 |a Greece  |x Politics and government  |y 20th century. 
700 1 |a Μαραγκουδάκης, Μανούσος Ε.  |e dgs 
710 2 |a Πανεπιστήμιο Αιγαίου.   |b Σχολή Κοινωνικών Επιστημών.   |b Τμήμα Κοινωνιολογίας.   |b Μεταπτυχιακό Πρόγραμμα Σπουδών Ευρωπαϊκές Κοινωνίες και Ευρωπαϊκή Ολοκλήρωση. 
852 |a INST  |b LESVOS  |c DIATR  |e 20170912  |h 116  |p 005100059912  |q 005100059912  |t MTXE  |y 23 
856 |u http://hdl.handle.net/11610/18788 
924 |a Βγενά  |b Αικατερίνη  |y Λέσβος  |z 2016-11 
970 |a Πατσή   |b Ανθίππη  |z 12-09-2017